[Event "POLFINAL MISTRZOSTW POLSKI JUNIOROW 2017 - C15"]
[Site "Jastrzebia Gora"]
[Date "2017-11-19"]
[Round "3.2"]
[White "Posluszny, Tomasz"]
[Black "Strzelecki, Maciej"]
[Result "1/2-1/2"]
[WhiteTitle "I"]
[BlackTitle "I"]
[WhiteElo "1655"]
[BlackElo "1929"]

1. d4 Nf6 2. c4 g6 3. Nc3 Bg7 4. e4 d6 5. Nge2 O-O 6. Ng3 e5 7. d5 a5 8. Be2 Na6
9. O-O Nc5 10. Rb1 Bd7 11. b3 h5 12. Bg5 Qe8 13. Qd2 Nh7 14. Be3 h4 15. Nh1 b6
16. Bd1 f5 17. exf5 gxf5 18. f4 Nf6 19. Nf2 e4 20. a3 Qg6 21. b4 Nb7 22. Bc2 Rae8
23. Ne2 Kh8 24. Kh1 Rg8 25. Rg1 Qh5 26. Nd4 axb4 27. axb4 Ra8 28. Ra1 Qg6 29.
Rxa8 Rxa8 30. Bb3 Nh5 31. Nh3 1/2-1/2

[Event "POLFINAL MISTRZOSTW POLSKI JUNIOROW 2017 - C15"]
[Site "Jastrzebia Gora"]
[Date "2017-11-19"]
[Round "3.3"]
[White "Iwanczuk, Krzysztof"]
[Black "Golecki, Jan"]
[Result "1-0"]
[WhiteTitle "II"]
[BlackTitle "I++"]
[WhiteElo "1408"]
[BlackElo "1796"]

1. d4 Nf6 2. Bf4 e6 3. Nf3 b6 4. e3 Bb7 5. Bd3 Be7 6. Nbd2 d5 7. c3 Nbd7 8. Qb1
c5 9. h3 a6 10. O-O O-O 11. Ne5 Re8 12. Bh2 Nf8 13. f4 N6d7 14. Ndf3 f6 15. Nxd7
Qxd7 16. g4 Bd6 17. g5 f5 18. Qe1 c4 19. Be2 b5 20. Ne5 Bxe5 21. fxe5 a5 22. h4
Qe7 23. a3 Bc6 24. Bf4 Reb8 25. Qg3 b4 26. e4 fxe4 27. Bc1 bxc3 28. bxc3 Ba4 29.
h5 Qe8 30. h6 g6 31. Bg4 Ra7 32. Ra2 Rbb7 33. Raf2 Rf7 34. Rf6 Rxf6 35. Rxf6 Rf7
36. Qf2 Qe7 37. Qb2 Bb3 38. Qh2 Rxf6 39. exf6 Qd8 1-0

[Event "POLFINAL MISTRZOSTW POLSKI JUNIOROW 2017 - C15"]
[Site "Jastrzebia Gora"]
[Date "2017-11-19"]
[Round "3.4"]
[White "Ossolinski, Ziemowit"]
[Black "Zareba, Maciej"]
[Result "1-0"]
[WhiteTitle "I"]
[BlackTitle "II+"]
[WhiteElo "1865"]
[BlackElo "1517"]

1. e4 e5 2. Nf3 Nc6 3. Bb5 a6 4. Ba4 b5 5. Bb3 d6 6. c3 g6 7. O-O Bg7 8. h3 Nf6
9. Re1 O-O 10. d4 Bb7 11. Bg5 h6 12. Bh4 g5 13. Bg3 Nd7 14. Bc2 Ne7 15. dxe5 Nxe5
16. Nxe5 dxe5 17. Nd2 Ng6 18. Nb3 Qe7 19. Na5 c6 20. Qe2 Qc7 21. b4 Nf4 22. Qe3
Rac8 23. Nb3 Rcd8 24. Red1 Bc8 25. Nc5 a5 26. a3 a4 27. Rac1 Be6 28. Nxe6 Nxe6
29. Bd3 Nf4 30. Bf1 Rxd1 31. Rxd1 Rd8 32. Rd2 Ne6 33. c4 Nd4 34. Rxd4 1-0

[Event "POLFINAL MISTRZOSTW POLSKI JUNIOROW 2017 - C15"]
[Site "Jastrzebia Gora"]
[Date "2017-11-19"]
[Round "3.5"]
[White "Kukorowski, Jan"]
[Black "Bojczewski, Mateusz"]
[Result "1/2-1/2"]
[WhiteTitle "I"]
[BlackTitle "II"]
[WhiteElo "1797"]
[BlackElo "1634"]

1. e4 c6 2. d4 d5 3. Nc3 dxe4 4. Nxe4 Bf5 5. Ng3 Bg6 6. h4 h6 7. h5 Bh7 8. f4 e6
9. Nf3 Nd7 10. Bd3 Bxd3 11. Qxd3 Ngf6 12. Bd2 c5 13. O-O-O Qb6 14. f5 O-O-O 15.
fxe6 Qxe6 16. dxc5 Qxa2 17. Bc3 Bxc5 18. Nd2 Qd5 19. Qxd5 Nxd5 20. Bxg7 Rhg8 21.
Nf5 Ne3 22. Nxe3 Bxe3 23. Bc3 Rxg2 24. Kb1 Nc5 25. Nc4 Bf4 26. Rdf1 Ne6 27. Be5
Bxe5 28. Nxe5 Rdd2 29. Nxf7 Rxc2 30. Rc1 Rxc1+ 31. Rxc1+ Kd7 32. Nxh6 Rg5 33.
Nf7 Rxh5 34. Rd1+ Kc7 35. Re1 Nc5 36. Ne5 Rh2 37. Rc1 Kb6 38. Nc4+ Kc6 39. Ne3
a5 40. Nc4 b6 41. Ne5+ Kd5 42. Nf3 Rf2 43. Rd1+ Kc6 44. Nd4+ Kb7 45. Nc2 1/2-1/2

[Event "POLFINAL MISTRZOSTW POLSKI JUNIOROW 2017 - C15"]
[Site "Jastrzebia Gora"]
[Date "2017-11-19"]
[Round "3.6"]
[White "Chaczynski, Kamil"]
[Black "Kukula, Karol"]
[Result "1/2-1/2"]
[WhiteTitle "I"]
[BlackTitle "I"]
[WhiteElo "1649"]
[BlackElo "1778"]

1. c4 e5 2. Nc3 Nf6 3. Nf3 Nc6 4. d3 Bb4 5. Bd2 Bxc3 6. Bxc3 d6 7. g3 O-O 8. Bg2
Bg4 9. O-O Re8 10. Qc2 Qe7 11. e4 a5 12. a3 a4 13. b3 axb3 14. Qxb3 Reb8 15. Rfb1
Bxf3 16. Bxf3 Nd7 17. a4 Nc5 18. Qc2 Ne6 19. Qd2 Ned4 20. Bg4 b6 21. f4 Ne6 22.
Rf1 Nc5 23. Qc2 Ra7 24. f5 f6 25. Ra2 Rba8 26. Rfa1 Qd7 27. Bd1 Na5 28. Ra3 Qc6
29. Bd2 Qd7 30. Be3 Nc6 31. Qc3 Ra6 32. g4 Kh8 1/2-1/2

[Event "POLFINAL MISTRZOSTW POLSKI JUNIOROW 2017 - C15"]
[Site "Jastrzebia Gora"]
[Date "2017-11-19"]
[Round "3.7"]
[White "Maciejewski, Kamil"]
[Black "Skowron, Mateusz"]
[Result "1/2-1/2"]
[WhiteTitle "I"]
[BlackTitle "I"]
[WhiteElo "1778"]
[BlackElo "1616"]

1. e4 c6 2. Nc3 d5 3. Nf3 Bg4 4. h3 Bxf3 5. Qxf3 Nf6 6. d3 e6 7. Bd2 Nbd7 8. g4
Bd6 9. exd5 exd5 10. O-O-O O-O 11. d4 b5 12. g5 b4 13. gxf6 bxc3 14. Bxc3 Qxf6
15. Qxf6 Nxf6 16. Bd3 Rfe8 17. Rde1 g6 18. Bd2 Nh5 19. Ba6 Rxe1+ 20. Rxe1 Rb8
21. b3 Ng7 22. Bd3 Ne6 23. c3 Rc8 24. Kb2 Rb8 25. Be2 h5 26. Bf3 Bf4 27. Kc2 Bd6
28. Kd3 Rb6 29. Be3 Ra6 30. a4 Rb6 31. Rd1 1/2-1/2

[Event "POLFINAL MISTRZOSTW POLSKI JUNIOROW 2017 - C15"]
[Site "Jastrzebia Gora"]
[Date "2017-11-19"]
[Round "3.8"]
[White "Cisek, Kamil"]
[Black "Zolkiewski, Jakub"]
[Result "0-1"]
[WhiteTitle "I"]
[BlackTitle "I"]
[WhiteElo "1562"]
[BlackElo "1774"]

1. e4 e6 2. d4 d5 3. Nc3 Bb4 4. e5 c5 5. a3 Bxc3+ 6. bxc3 Qc7 7. Nf3 Nc6 8. Bd3
Nge7 9. O-O Bd7 10. a4 cxd4 11. cxd4 Nb4 12. Ba3 Nxd3 13. Qxd3 Bc6 14. Rfc1 h6
15. Nd2 O-O 16. f4 Qd7 17. Kh1 Rfc8 18. g4 Ng6 19. f5 exf5 20. gxf5 Nf4 21. Qf3
Qxf5 22. Rg1 Bd7 23. Raf1 Nh3 24. Qe3 Qh5 25. Rg3 Rxc2 26. Be7 Kh8 27. Rf6 Rc1+
28. Nf1 Rc6 29. e6 Rxe6 30. Bf8 Rxf8 31. Rxh3 Rxe3 32. Rxh5 Re4 33. Rd6 Bg4 34.
Rhxd5 Bf3+ 35. Kg1 Rg4+ 36. Kf2 Bxd5 0-1

[Event "POLFINAL MISTRZOSTW POLSKI JUNIOROW 2017 - C15"]
[Site "Jastrzebia Gora"]
[Date "2017-11-19"]
[Round "3.9"]
[White "Gazda, Dominik"]
[Black "Pelka, Michal"]
[Result "0-1"]
[WhiteTitle "II+"]
[BlackTitle "I"]
[WhiteElo "1512"]
[BlackElo "1693"]

1. e4 c6 2. d3 d5 3. Nd2 Nd7 4. Ngf3 g6 5. g3 Bg7 6. Bg2 e6 7. O-O Ne7 8. Re1 O-O
9. e5 c5 10. Nf1 Nc6 11. Bf4 Rb8 12. h4 h6 13. Qd2 Kh7 14. N1h2 Qa5 15. c3 Ne7
16. Ng4 Nf5 17. Nf6+ Kh8 18. g4 Ne7 19. Bxh6 b5 20. Qg5 Ng8 21. Bxg7+ Kxg7 22.
h5 Qd8 23. hxg6 fxg6 24. Nh4 Rxf6 25. exf6+ Qxf6 26. Qxf6+ Ndxf6 27. g5 Nh5 28.
Bf3 Nf4 29. Rad1 Nh3+ 30. Kg2 Nxg5 31. Rh1 Kf6 32. Rde1 Ne7 33. Bg4 e5 34. Bxc8
Rxc8 35. Nf3 Nxf3 36. Kxf3 Nf5 37. Rh7 a6 38. Rg1 c4 39. dxc4 bxc4 40. Rb7 Rc6
41. Ke2 d4 42. cxd4 exd4 43. Rc1 Ke5 44. Kd2 Ke4 45. Rb4 Nd6 46. Rg1 Kf3 47. Rb8
Kxf2 48. Rg5 c3+ 49. bxc3 dxc3+ 50. Kc2 Nf5 51. Rf8 Ke2 52. Re8+ Ne3+ 53. Kc1
Rd6 54. Rg1 c2 55. Rxe3+ Kxe3 56. Kxc2 Kf4 57. Rf1+ Kg3 58. Rf8 g5 59. Kc3 g4
60. a4 Kg2 61. Kb4 g3 62. Kc5 Rh6 0-1

[Event "POLFINAL MISTRZOSTW POLSKI JUNIOROW 2017 - C15"]
[Site "Jastrzebia Gora"]
[Date "2017-11-19"]
[Round "3.10"]
[White "Galuszka, Tomasz"]
[Black "Marciniak, Leonard"]
[Result "1-0"]
[WhiteTitle "I"]
[BlackTitle "II"]
[WhiteElo "1976"]
[BlackElo "1420"]

1. e4 c5 2. Nf3 d6 3. d4 cxd4 4. Nxd4 Nf6 5. Nc3 a6 6. Bg5 e6 7. f4 Be7 8. Qf3
Qc7 9. O-O-O Nbd7 10. g4 b5 11. a3 Bb7 12. h4 Nc5 13. Bxf6 gxf6 14. Rh2 O-O-O
15. Rhd2 Kb8 16. f5 e5 17. Nde2 Nd7 18. Kb1 Nb6 19. Nc1 Nc4 20. Bxc4 Qxc4 21.
Nb3 Qc7 22. Nc1 Qc4 23. N1a2 Qc7 24. Nb4 Ka8 25. Nbd5 Bxd5 26. Nxd5 Qb7 27. Qe2
Rhg8 28. Rd3 Rge8 29. Rb3 Rc8 30. a4 Rc5 31. axb5 Rxb5 32. Rxb5 axb5 33. Rd3 Rc8
34. Nxe7 Qxe7 35. Ra3+ Kb8 36. Qxb5+ Qb7 37. Qa5 Rc5 38. Qd8+ Rc8 39. Qxd6+ 1-0

[Event "POLFINAL MISTRZOSTW POLSKI JUNIOROW 2017 - C15"]
[Site "Jastrzebia Gora"]
[Date "2017-11-19"]
[Round "3.11"]
[White "Wierzbicki, Michal"]
[Black "Distel, Pawel"]
[Result "1/2-1/2"]
[WhiteTitle "I"]
[BlackTitle "II+"]
[WhiteElo "1894"]
[BlackElo "1573"]

1. d4 Nf6 2. Nf3 g6 3. c4 Bg7 4. Nc3 O-O 5. Bg5 d6 6. e3 Nbd7 7. Be2 h6 8. Bh4
b6 9. Qc2 Bb7 10. O-O e5 11. dxe5 dxe5 12. Rfd1 g5 13. Bg3 Qe7 14. e4 c6 15. Nd2
Rad8 16. Nf1 Nc5 17. Ne3 Bc8 18. b4 Na6 19. a3 Nc7 20. Qa4 Ne6 21. Nf5 Qc7 22.
Qxc6 Qxc6 23. Ne7+ Kh8 24. Nxc6 Rxd1+ 25. Rxd1 Bb7 26. Nxe5 Nxe4 27. Nxe4 Bxe4
28. f3 Bf5 29. h3 Nf4 30. Bxf4 gxf4 31. Nc6 Re8 32. Rd8 Rxd8 33. Nxd8 Kg8 34.
Nc6 Bd7 35. Nxa7 Be5 36. Kf1 Bb8 37. Nb5 Bxb5 38. cxb5 Be5 39. a4 Bc3 40. a5 bxa5
41. bxa5 Bxa5 42. Bc4 Kg7 43. Ke2 f5 44. Kd3 Bb6 45. Be6 Kf6 46. Bc8 Ke5 47. Kc4
Ba7 48. Kb4 Bb6 49. Bd7 Kf6 50. Kc3 Ke5 51. Kd3 Bc5 52. Bc8 Bb6 53. Bb7 Bc5 54.
Kc3 Bd4+ 55. Kb4 Bb6 56. Kc4 Ba7 57. Bc8 Be3 58. Bd7 Ba7 59. Be8 Be3 60. Bg6 Ba7
1/2-1/2

[Event "POLFINAL MISTRZOSTW POLSKI JUNIOROW 2017 - C15"]
[Site "Jastrzebia Gora"]
[Date "2017-11-19"]
[Round "3.12"]
[White "Dzwierzynski, Bartosz"]
[Black "Socha, Kamil"]
[Result "1-0"]
[WhiteTitle "I"]
[BlackTitle "II"]
[WhiteElo "1851"]
[BlackElo "1526"]

1. d4 d5 2. c4 e6 3. Nc3 Nf6 4. cxd5 exd5 5. Bg5 Be7 6. Qc2 c6 7. e3 Bg4 8. Bd3
Bh5 9. Nf3 Nbd7 10. Rb1 a5 11. O-O O-O 12. Ne5 Bg6 13. f4 Bxd3 14. Qxd3 Re8 15.
Rbc1 Ne4 16. Bxe7 Qxe7 17. Nxe4 dxe4 18. Qb3 Nf6 19. Nc4 Nd5 20. Nb6 Nxb6 21.
Qxb6 Qd7 22. h3 f5 23. Rc5 Ra6 24. Qb3+ Kh8 25. Rfc1 h6 26. Qc3 a4 27. Kh2 Re7
28. Ra5 Rxa5 29. Qxa5 b5 30. Qa8+ Kh7 31. Qxc6 Kg8 32. Qxd7 Rxd7 33. Rc5 1-0

[Event "POLFINAL MISTRZOSTW POLSKI JUNIOROW 2017 - C15"]
[Site "Jastrzebia Gora"]
[Date "2017-11-19"]
[Round "3.13"]
[White "Lendzion, Kamil"]
[Black "Piekielny, Pawel"]
[Result "0-1"]
[WhiteTitle "II"]
[BlackTitle "I"]
[WhiteElo "1687"]
[BlackElo "1805"]

1. e4 e6 2. d4 d5 3. Nd2 Nf6 4. e5 Nfd7 5. Bd3 c5 6. c3 Nc6 7. Ne2 cxd4 8. cxd4
f6 9. exf6 Nxf6 10. O-O Bd6 11. Nf3 Qc7 12. Re1 O-O 13. Ng3 Bd7 14. a3 Rae8 15.
Qc2 e5 16. dxe5 Nxe5 17. Nxe5 Qxc2 18. Bxc2 Bxe5 19. Rd1 Kh8 20. Rb1 Bc6 21. Be3
b6 22. b4 Ng4 23. Nf1 d4 24. Bxd4 Bxd4 25. Rxd4 Rxf2 26. Rxg4 Rxc2 27. b5 Bb7
28. Rd1 h6 29. Rd6 Rf8 30. Rd2 Rxf1+ 0-1

[Event "POLFINAL MISTRZOSTW POLSKI JUNIOROW 2017 - C15"]
[Site "Jastrzebia Gora"]
[Date "2017-11-19"]
[Round "3.14"]
[White "Kulesza, Andrzej"]
[Black "Seredyn, Dominik"]
[Result "1-0"]
[WhiteTitle "I"]
[BlackTitle "II"]
[WhiteElo "1784"]
[BlackElo "1472"]

1. e4 c5 2. Nf3 Nc6 3. d4 cxd4 4. Nxd4 Nf6 5. Nc3 g6 6. Bc4 Bg7 7. Nxc6 bxc6 8.
e5 Ng8 9. f4 Nh6 10. O-O Qb6+ 11. Kh1 O-O 12. Qf3 Nf5 13. Bd3 Nd4 14. Qf2 Ne6
15. Qg3 Ba6 16. Bxa6 Qxa6 17. Be3 Rfd8 18. f5 Nc7 19. f6 Bf8 20. Qh4 exf6 21.
Ne4 Nd5 22. Bh6 Bxh6 23. Qxh6 Kh8 24. exf6 Rg8 25. Ng5 1-0

[Event "POLFINAL MISTRZOSTW POLSKI JUNIOROW 2017 - C15"]
[Site "Jastrzebia Gora"]
[Date "2017-11-19"]
[Round "3.15"]
[White "Rogala, Milosz"]
[Black "Wilgosz, Jan"]
[Result "1/2-1/2"]
[WhiteTitle "II"]
[BlackTitle "II"]
[WhiteElo "1750"]
[BlackElo "1144"]

1. e4 e5 2. Nf3 Nc6 3. d4 exd4 4. Nxd4 Nf6 5. Nc3 Bb4 6. Nxc6 bxc6 7. Bd3 d5 8.
exd5 cxd5 9. O-O c6 10. Bg5 O-O 11. Ne2 Bd6 12. h3 h6 13. Bh4 Rb8 14. Rb1 Be6
15. Bg3 c5 16. Bxd6 Qxd6 17. c4 d4 18. b4 Kh8 19. b5 a6 20. a4 axb5 21. axb5 Nd7
22. Qc2 Nb6 23. Ng3 Ra8 24. Ra1 Qc7 25. Ne4 Rfc8 26. Rfc1 Qe7 27. Re1 Rxa1 28.
Rxa1 Bxc4 29. Bxc4 Nxc4 30. Qxc4 Qxe4 31. b6 Qb7 32. Rb1 Qe7 33. Qd5 Rb8 34. Rc1
1/2-1/2

[Event "POLFINAL MISTRZOSTW POLSKI JUNIOROW 2017 - C15"]
[Site "Jastrzebia Gora"]
[Date "2017-11-19"]
[Round "3.16"]
[White "Golinski, Kacper"]
[Black "Grochol, Kamil"]
[Result "1/2-1/2"]
[WhiteTitle "II+"]
[BlackTitle "I"]
[WhiteElo "1633"]
[BlackElo "1739"]

1. e4 c5 2. Na3 Nc6 3. Bb5 Qc7 4. c3 Nf6 5. d3 d5 6. Bxc6+ Qxc6 7. e5 Nd7 8. f4
e6 9. Nf3 Be7 10. O-O b5 11. d4 a6 12. Nc2 Bb7 13. Be3 g6 14. Qd3 h5 15. h4 Rc8
16. Ng5 c4 17. Qe2 a5 18. a3 Ba6 19. g4 hxg4 20. Qxg4 Nb6 21. Rf2 Qd7 22. Rg2
Bxg5 23. hxg5 Qe7 24. Ne1 Kd7 25. Nf3 Kc7 26. Rf1 Rh7 27. Rff2 Rch8 28. Rh2 Qf8
29. Qg2 Rh5 30. Rxh5 Rxh5 31. Nh2 Nd7 32. Ng4 Rh7 33. Nh6 a4 34. Qg3 Kc8 35. Rh2
Kd8 36. Rh3 Ke8 37. Qh2 Qh8 38. Nxf7 Rxh3 39. Nxh8 Rxh2 40. Kxh2 Nf8 41. Kg3 Bc8
42. Kg4 Ke7 1/2-1/2

[Event "POLFINAL MISTRZOSTW POLSKI JUNIOROW 2017 - C15"]
[Site "Jastrzebia Gora"]
[Date "2017-11-19"]
[Round "3.18"]
[White "Markiewicz, Krzysztof"]
[Black "Kucharski, Bartlomiej"]
[Result "0-1"]
[WhiteTitle "II"]
[BlackTitle "I"]
[WhiteElo "1566"]
[BlackElo "1946"]

1. e4 e5 2. Nf3 Nc6 3. Bb5 a6 4. Bxc6 dxc6 5. h3 Bd6 6. O-O Ne7 7. d4 exd4 8. Qxd4
O-O 9. b3 c5 10. Qc3 f6 11. Bb2 Ng6 12. Nbd2 b5 13. a4 Be6 14. axb5 axb5 15. Qd3
Qd7 16. Rfe1 Nf4 17. Qe3 Bxh3 18. Nh4 Nxg2 19. Nxg2 Rae8 20. Nf1 Qg4 21. Ng3 f5
22. Qe2 Rxe4 23. Qxg4 Rxg4 24. Ne3 Rg6 25. Kh2 f4 26. Kxh3 fxg3 27. fxg3 Rxg3+
28. Kh4 Rgf3 29. Rf1 Be7+ 30. Kh5 Rh3+ 31. Kg4 h5+ 0-1

[Event "POLFINAL MISTRZOSTW POLSKI JUNIOROW 2017 - C15"]
[Site "Jastrzebia Gora"]
[Date "2017-11-19"]
[Round "3.19"]
[White "Sloniewski, Michal"]
[Black "Lesniak, Kacper"]
[Result "1-0"]
[WhiteTitle "I"]
[BlackTitle "II"]
[WhiteElo "1694"]
[BlackElo "1350"]

1. d4 e6 2. c4 c5 3. d5 Nf6 4. Nc3 Qa5 5. Bd2 Qb6 6. e4 exd5 7. exd5 Bd6 8. Nf3
O-O 9. Qc2 Re8+ 10. Be2 Na6 11. a3 Qc7 12. Nb5 Qb6 13. Nxd6 Qxd6 14. Bc3 Ne4 15.
b3 Qe7 16. O-O Nxc3 17. Qxc3 d6 18. Rfe1 Bg4 19. h3 Bxf3 20. Bxf3 Qg5 21. Ra2
Rxe1+ 22. Qxe1 Nc7 23. Re2 Kf8 24. b4 b6 25. bxc5 bxc5 26. Qa5 Ne8 27. Re1 Qd8
28. Qa4 Nf6 29. Rb1 Nd7 30. Rb7 Nb6 31. Qa6 Qc8 32. Bg4 f5 33. Bxf5 Qxf5 34. Rxb6
Re8 35. Rb3 Re1+ 36. Kh2 Qf4+ 37. Rg3 h5 38. Qc8+ Re8 39. Qd7 Re7 40. Qd8+ Kf7
41. Qh8 Re5 42. Qxg7+ Ke8 43. Qg8+ Ke7 44. Qh7+ Kd8 45. Qg8+ Kc7 46. Qh7+ Kb6
47. Qb1+ Kc7 48. Kg1 Qf7 49. Rb3 Qf6 50. Rb7+ Kd8 51. Rb8+ Ke7 52. Qb7# 1-0

[Event "POLFINAL MISTRZOSTW POLSKI JUNIOROW 2017 - C15"]
[Site "Jastrzebia Gora"]
[Date "2017-11-19"]
[Round "3.20"]
[White "Zurawicki, Jakub"]
[Black "Sapinski, Sebastian"]
[Result "1/2-1/2"]
[WhiteTitle "II+"]
[BlackTitle "II"]
[WhiteElo "1541"]
[BlackElo "1361"]

1. d4 Nf6 2. c4 e6 3. Nc3 d5 4. Nf3 Be7 5. Bg5 O-O 6. e3 Nbd7 7. cxd5 exd5 8. Bd3
h6 9. Bxf6 Nxf6 10. O-O c6 11. h3 Bd6 12. Qc2 Be6 13. Rfc1 Nd7 14. Na4 Bc7 15.
Nc5 Nxc5 16. Qxc5 Qf6 17. Be2 Bd7 18. a3 Qe6 19. Qc3 Rae8 20. Qb3 Bc8 21. Qa4
Bb8 22. Qc2 f5 23. Bd3 Qf6 24. Re1 Kh8 25. h4 g5 26. hxg5 hxg5 27. Nd2 Kg7 28.
Kf1 Rh8 29. Ke2 Rh2 30. Rg1 f4 31. Nf1 Rhh8 32. Kd1 fxe3 33. fxe3 Qh6 34. Qd2
Rhf8 35. Kc2 Rf6 36. Re1 Ref8 37. Kb1 Rf2 38. Qb4 Bd6 39. Qa5 Bb8 40. Qc5 Qf6
41. Qc3 Bf5 42. Bxf5 Qxf5+ 43. Ka1 Rc2 44. Qb3 Qf2 45. Rb1 Rf7 46. Rh1 Qxg2 47.
Rh5 Rff2 48. Qd3 Qe4 49. Qxe4 dxe4 50. Rxg5+ Kh6 51. Rg1 Bd6 52. Ka2 b6 53. Ng3
Rf7 1/2-1/2

[Event "POLFINAL MISTRZOSTW POLSKI JUNIOROW 2017 - C15"]
[Site "Jastrzebia Gora"]
[Date "2017-11-19"]
[Round "3.21"]
[White "Ugrewicz, Ludwik"]
[Black "Sandomierski, Cyprian"]
[Result "1/2-1/2"]
[WhiteTitle "II"]
[BlackTitle "II"]
[WhiteElo "1429"]
[BlackElo "1257"]

1. e4 d5 2. exd5 Nf6 3. c4 e6 4. dxe6 Bxe6 5. d4 Bb4+ 6. Bd2 Qe7 7. Be2 Nbd7 8.
Bxb4 Qxb4+ 9. Qd2 a5 10. Qxb4 axb4 11. Nd2 O-O 12. Ngf3 c5 13. dxc5 Nxc5 14. O-O
Rfe8 15. Rfe1 Bf5 16. Bf1 Rxe1 17. Nxe1 Na4 18. b3 Nc3 19. Ndf3 Rxa2 20. Rxa2
Nxa2 21. Bd3 Bg6 22. Bxg6 hxg6 23. Nd2 Kf8 24. Nd3 Ke7 25. Nc5 b6 26. Nd3 Kd6
27. f3 Nd7 28. Ne4+ Ke6 29. Kf2 f6 30. Ke3 Ne5 31. Nxe5 Kxe5 32. Nd2 g5 33. g3
1/2-1/2

[Event "POLFINAL MISTRZOSTW POLSKI JUNIOROW 2017 - C15"]
[Site "Jastrzebia Gora"]
[Date "2017-11-19"]
[Round "3.22"]
[White "Dziodko, Mateusz"]
[Black "Brzozowski, Pawel"]
[Result "0-1"]
[WhiteTitle "II"]
[BlackTitle "II+"]
[WhiteElo "1075"]
[BlackElo "1521"]

1. e4 e6 2. Nf3 d5 3. exd5 exd5 4. d4 Nf6 5. c3 Bd6 6. Bg5 O-O 7. Nbd2 Bf5 8. Be2
Re8 9. O-O Nbd7 10. Re1 c6 11. Bf1 Qc7 12. Rxe8+ Rxe8 13. Bxf6 Nxf6 14. g3 h6
15. Nb3 Ne4 16. Bd3 Bg4 17. Be2 Qe7 18. Nfd2 Nxc3 19. bxc3 Bxe2 20. Qe1 Ba3 21.
Rb1 Qd7 22. Ra1 Bb2 23. Nc5 Qc8 24. Rb1 Bd3 25. Qd1 Bxb1 26. Qxb1 Bxc3 27. Nf3
Qg4 28. Ne5 Qxd4 29. Ncd7 Qe4 30. Nd3 b6 31. Qc2 d4 32. N7e5 Rxe5 33. f3 Qe3+
34. Kf1 Qxf3+ 35. Nf2 Re1# 0-1

[Event "POLFINAL MISTRZOSTW POLSKI JUNIOROW 2017 - C15"]
[Site "Jastrzebia Gora"]
[Date "2017-11-19"]
[Round "3.23"]
[White "Zlotek, Mikolaj"]
[Black "Jaszczuk, Mateusz"]
[Result "1/2-1/2"]
[WhiteTitle "II"]
[BlackTitle "II+"]
[WhiteElo "1463"]
[BlackElo "1389"]

1. e4 d6 2. d4 Nf6 3. f3 g6 4. c4 Bg7 5. Nc3 O-O 6. Be3 Nbd7 7. Bd3 e5 8. d5 Nh5
9. Qc2 Nf4 10. O-O-O Nxd3+ 11. Qxd3 b6 12. Nge2 Nc5 13. Qd2 f5 14. b4 Nb7 15.
Na4 a5 16. b5 fxe4 17. fxe4 Rf7 18. Ng3 Bf6 19. Rdf1 Qe7 20. Rf2 Bd7 21. Rhf1
Raf8 22. Bh6 Bg7 23. Bg5 Qe8 24. Nh1 Rxf2 25. Rxf2 Rxf2 26. Qxf2 Qf7 27. Kd2 Qxf2+
28. Nxf2 h6 29. Be3 g5 30. g3 Kf7 31. Nc3 Kg6 32. h3 h5 33. a4 1/2-1/2

[Event "POLFINAL MISTRZOSTW POLSKI JUNIOROW 2017 - C15"]
[Site "Jastrzebia Gora"]
[Date "2017-11-19"]
[Round "3.24"]
[White "Stefanski, Adam"]
[Black "Kinczewski, Franciszek"]
[Result "0-1"]
[WhiteTitle "II+"]
[BlackTitle "II"]
[WhiteElo "1370"]
[BlackElo "1448"]

1. c4 e5 2. Nc3 Nf6 3. g3 Nc6 4. Bg2 b6 5. e3 Bb7 6. Nge2 Bb4 7. O-O Bxc3 8. Nxc3
h5 9. h4 Na5 10. Bxb7 Nxb7 11. d4 Qe7 12. Nb5 O-O-O 13. Nxa7+ Kb8 14. Nb5 c6 15.
dxe5 Qxe5 16. Nc3 Qe6 17. Qd4 Qg4 18. b4 Qf3 19. Bb2 g5 20. Qxb6 gxh4 0-1

[Event "POLFINAL MISTRZOSTW POLSKI JUNIOROW 2017 - C15"]
[Site "Jastrzebia Gora"]
[Date "2017-11-19"]
[Round "3.25"]
[White "Jankowski, Igor"]
[Black "Swiatek, Mateusz"]
[Result "1-0"]
[WhiteTitle "II"]
[BlackTitle "II"]
[WhiteElo "1409"]
[BlackElo "1190"]

1. d4 d5 2. Bf4 Nf6 3. e3 Bf5 4. Nd2 e6 5. Ngf3 Bd6 6. Ne5 Bxe5 7. dxe5 Nfd7 8.
Be2 O-O 9. h4 Nc6 10. g4 Be4 11. f3 Bxc2 12. Qxc2 Ndxe5 13. Bxe5 Nxe5 14. f4 Nc6
15. h5 h6 16. Nf3 f6 17. g5 fxg5 18. fxg5 hxg5 19. h6 Qf6 20. hxg7 Qxg7 21. Nxg5
Rf6 22. Nf3 Rg6 23. O-O-O Kf8 24. Rdf1 Ke7 25. Ng5 Rh6 26. Rxh6 Qxh6 27. Qc5+
Kd7 28. Rf7+ Ke8 29. Bh5 Rd8 30. Re7+ 1-0

[Event "POLFINAL MISTRZOSTW POLSKI JUNIOROW 2017 - C15"]
[Site "Jastrzebia Gora"]
[Date "2017-11-19"]
[Round "4.1"]
[White "Warchol, Bartosz"]
[Black "Iwanczuk, Krzysztof"]
[Result "1/2-1/2"]
[WhiteTitle "I++"]
[BlackTitle "II"]
[WhiteElo "1963"]
[BlackElo "1408"]

1. d4 d5 2. c4 e5 3. dxe5 d4 4. Nf3 Nc6 5. g3 Nge7 6. Bg2 Ng6 7. Bg5 Qd7 8. e6
fxe6 9. O-O Bc5 10. Nbd2 a5 11. Ne4 Ba7 12. h4 Nge5 13. Nxe5 Nxe5 14. Qc2 O-O
15. Rad1 Nc6 16. Bc1 e5 17. Ng5 g6 18. Bd5+ Kh8 19. Qe4 Qe8 20. g4 Nd8 21. Qg2
c6 22. Be4 Ne6 23. Bd3 Qe7 24. Qg3 Bb8 25. Ne4 Qg7 26. b3 c5 27. Bd2 Bd7 28. Rb1
b6 29. Rb2 Bc7 30. a3 Bc6 31. Rfb1 1/2-1/2

[Event "POLFINAL MISTRZOSTW POLSKI JUNIOROW 2017 - C15"]
[Site "Jastrzebia Gora"]
[Date "2017-11-19"]
[Round "4.2"]
[White "Pelka, Michal"]
[Black "Ossolinski, Ziemowit"]
[Result "0-1"]
[WhiteTitle "I"]
[BlackTitle "I"]
[WhiteElo "1693"]
[BlackElo "1865"]

1. c4 e5 2. g3 Nc6 3. Bg2 Bc5 4. Nc3 a6 5. a3 d6 6. e3 Nf6 7. Nge2 O-O 8. O-O Ne7
9. d4 Ba7 10. b4 c6 11. Bb2 Ng6 12. Qd3 Qe7 13. b5 axb5 14. cxb5 d5 15. a4 Re8
16. Rfc1 h5 17. h3 e4 18. Qd1 h4 19. Kh2 Bb8 20. Nf4 Nxf4 21. exf4 e3 22. Qf3
exf2 23. gxh4 Qe3 24. Qxe3 Rxe3 25. Rf1 Bxf4+ 26. Kh1 Bg3 27. Nd1 Re2 28. Bf3
Rc2 29. Kg2 Bxh4 30. Ra3 cxb5 31. axb5 Rxa3 32. Bxa3 Bd7 33. Ne3 Ra2 34. Be7 Bxb5
35. Bxf6 Bxf1+ 36. Nxf1 Bxf6 37. Bxd5 Rb2 38. Kf3 Bxd4 39. Bc4 b5 40. Bd3 Kf8
41. Ke4 Ba7 42. Kd5 Rb3 43. Be2 Rc3 0-1

[Event "POLFINAL MISTRZOSTW POLSKI JUNIOROW 2017 - C15"]
[Site "Jastrzebia Gora"]
[Date "2017-11-19"]
[Round "4.3"]
[White "Zolkiewski, Jakub"]
[Black "Posluszny, Tomasz"]
[Result "1/2-1/2"]
[WhiteTitle "I"]
[BlackTitle "I"]
[WhiteElo "1774"]
[BlackElo "1655"]

1. d4 Nf6 2. c4 e6 3. Nf3 b6 4. g3 Bb7 5. Bg2 Bb4+ 6. Bd2 Be7 7. Bc3 c5 8. O-O
O-O 9. Nbd2 d6 10. b3 Nbd7 11. Re1 Qc7 12. e4 e5 13. dxe5 dxe5 14. Qc2 Bd6 15.
Nh4 g6 16. Nf1 Nh5 17. Ne3 Ng7 18. Rad1 Ne6 19. Qd2 Nd4 20. Nd5 Bxd5 21. Bxd4
cxd4 22. cxd5 Nc5 23. Nf5 gxf5 24. Qg5+ Kh8 25. Qf6+ Kg8 26. Qg5+ Kh8 27. Qf6+
Kg8 28. Qg5+ Kh8 29. Qf6+ Kg8 1/2-1/2

[Event "POLFINAL MISTRZOSTW POLSKI JUNIOROW 2017 - C15"]
[Site "Jastrzebia Gora"]
[Date "2017-11-19"]
[Round "4.4"]
[White "Strzelecki, Maciej"]
[Black "Dzwierzynski, Bartosz"]
[Result "0-1"]
[WhiteTitle "I"]
[BlackTitle "I"]
[WhiteElo "1929"]
[BlackElo "1851"]

1. e4 c5 2. Nf3 d6 3. d4 cxd4 4. Nxd4 Nf6 5. Nc3 g6 6. Be3 Bg7 7. f3 Nc6 8. Qd2
O-O 9. g4 Be6 10. Nxe6 fxe6 11. O-O-O Ne5 12. Be2 Rc8 13. Nb5 Nc4 14. Bxc4 Rxc4
15. Qd3 Rc8 16. Nd4 Qd7 17. Qb3 d5 18. e5 Ne8 19. f4 b6 20. h4 Nc7 21. h5 g5 22.
fxg5 Na6 23. g6 Nc5 24. gxh7+ Kh8 25. Qb4 Bxe5 26. g5 a5 27. Qe1 Qa4 28. Kb1 Ne4
29. g6 Rc4 30. Rg1 Rfc8 31. Qf1 Rxc2 32. g7+ Bxg7 33. Rd3 Rxb2+ 34. Kxb2 Rc2+
0-1

[Event "POLFINAL MISTRZOSTW POLSKI JUNIOROW 2017 - C15"]
[Site "Jastrzebia Gora"]
[Date "2017-11-19"]
[Round "4.5"]
[White "Bojczewski, Mateusz"]
[Black "Galuszka, Tomasz"]
[Result "1/2-1/2"]
[WhiteTitle "II"]
[BlackTitle "I"]
[WhiteElo "1634"]
[BlackElo "1976"]

1. d4 d5 2. c4 Nc6 3. Nf3 Bg4 4. e3 e6 5. Nc3 Nf6 6. Bd3 Be7 7. O-O O-O 8. h3 Bh5
9. b3 Nb4 10. Be2 dxc4 11. bxc4 c5 12. a3 cxd4 13. exd4 Na6 14. Be3 Nc7 15. Qb3
Qc8 16. g4 Bg6 17. Ne5 Rb8 18. Bf3 Nd7 19. Nxg6 hxg6 20. Rfb1 b6 21. Bf4 e5 22.
Bxe5 Nxe5 23. dxe5 Ne6 24. Nb5 a6 25. Na7 Qc5 26. Nc6 Nd4 27. Nxd4 Qxd4 28. Re1
Bc5 29. Ra2 Qf4 30. Bd5 Rbd8 31. Qf3 Qxf3 32. Bxf3 Rd3 33. Kg2 Re8 34. a4 Bb4
35. Ree2 Kf8 1/2-1/2